Countries Frank Grillo has Visited - Statistics

General Stats
  • This quiz has been taken 18 times
  • The average score is 6 of 9
Answer Stats
Continent Country % Correct
North America United States of America
92%
North America Mexico
83%
Europe United Kingdom
75%
Europe Italy
67%
Asia Israel
58%
Asia Thailand
58%
Europe Netherlands
50%
Asia Myanmar
42%
Africa Senegal
42%
No matching quizzes found
Score Distribution
Percent of People with Each Score
Percentile by Number Answered
Your Score History
You have not taken this quiz